00694nam a22001691i 45000010005000000900009000051000041000141010013000552000114000682150028001827020032002107000027002422100043002699960115003129900011004279950086004381211 a1211 a20170304u u u0frey50 ba1 aporcfra1 fRoger MucchielliaA personalidade da criançaesua formação do nascimento até ao fim da adolescência a222, [2] p.cil.d22 cm 1aCostabRaquel Pinto da4730 1aMucchiellibRoger4070 cLivraria ClássicaaLisboadimp. 1976 f0001307kMUCm00000000n00000000aBMVAb1vViana do AlentejoxEducação. Ensino. Pedagogiay21eLivro1031 cLIVROS 001091427bBMVAdBMVAf0001310k159.9 MUCo0rLIVROSuEm depósito caixa 34 VNT